The future of surveying education (Record no. 105684)

MARC details
000 -LEADER
fixed length control field 01456cam a2200229 4500
001 - CONTROL NUMBER
control field ##L134459
008 - FIXED-LENGTH DATA ELEMENTS--GENERAL INFORMATION
fixed length control field 060808n2006 000 0 eng u
035 ## - SYSTEM CONTROL NUMBER
System control number (Sirsi) u134459
041 0# - LANGUAGE CODE
Language code of text/sound track or separate title eng
050 04 - LIBRARY OF CONGRESS CALL NUMBER
Classification number 333.00711 $2 18
110 2# - MAIN ENTRY--CORPORATE NAME
Corporate name or jurisdiction name as entry element Royal Institution of Chartered Surveyors
Subordinate unit Education Trust
9 (RLIN) 47
245 04 - TITLE STATEMENT
Title The future of surveying education
Remainder of title a report commissioned for the RICS Education Trust golden jubilee
260 ## - PUBLICATION, DISTRIBUTION, ETC.
Place of publication, distribution, etc. London
Name of publisher, distributor, etc. RICS
Date of publication, distribution, etc. 2006
490 #0 - SERIES STATEMENT
Series statement RICS Findings in Built and Rural Environments
520 ## - SUMMARY, ETC.
Summary, etc. Summarises the findings of a research study that looked at the impact on the surveying education base of changes in the age profile of academics and in the targeting of research funding. Assesses concerns with regard to university recruitment and retention of qualified academic staff, the undervaluing of teaching activities, and whether or not to focus on research activities in the light of the UK government's 2003 White Paper "The future of higher education". Provides recommendations for RICS accreditation policy and for partnership universities. Graphs. (See also L134446).
651 #4 - SUBJECT ADDED ENTRY--GEOGRAPHIC NAME
Geographic name United Kingdom
Chronological subdivision
690 ## - LOCAL SUBJECT ADDED ENTRY--TOPICAL TERM (OCLC, RLIN)
Topical term or geographic name as entry element CAREERS, EDUCATION AND TRAINING-QUALIFICATION ROUTES-RICS ACCREDITED COURSES
710 2# - ADDED ENTRY--CORPORATE NAME
Corporate name or jurisdiction name as entry element Leeds Metropolitan University
9 (RLIN) 1677
710 2# - ADDED ENTRY--CORPORATE NAME
Corporate name or jurisdiction name as entry element University of Salford
9 (RLIN) 3465
856 40 - ELECTRONIC LOCATION AND ACCESS
Uniform Resource Identifier <a href="https://www.rics.org/site/scripts/download_info.aspx?fileID=3447">https://www.rics.org/site/scripts/download_info.aspx?fileID=3447</a>
Public note Broken link - not available
942 ## - ADDED ENTRY ELEMENTS (KOHA)
Suppress in OPAC 0
Holdings
Withdrawn status Lost status Source of classification or shelving scheme Damaged status Not for loan Home library Current library Shelving location Date acquired Total Checkouts Full call number Barcode Date last seen Copy number Price effective from Koha item type
    Dewey Decimal Classification     Virtual Virtual Online 08/08/2006   ONLINE PUBLICATION 134459-1001 06/08/2019 1 06/08/2019 Book